000
00326nam a2200109Ia 4500
008
200302s9999 xx 000 0 und d
100
_a
Chethika Abenayake
245
_a
Stakeholder Responses to Climatic Disasters: A Case of Batticaloa, Sri Lanka
260
_b
Cept University Press Ahmedabad
260
_c
2012
300
_a
89 P.,
999
_c
3187
_d
3187